00430nam a2200157Ia 4500008004100000020001300041082001200054100002400066245002000090250000800110260003500118300002900153500001900182600002100201650005000222240925s9999 xx 000 0 und d a70548544 a004 SAN aSanders ,Donald H. 0aComputers Today a3rd aNew York:bMcGraw-Hillc,1988. axxix,640p.bNAfOriginal aIncludes Index aComputer Science aComputer science, information & general works